| 000 | 00483nam a2200181Ia 4500 | ||
|---|---|---|---|
| 001 | 58184 | ||
| 008 | 141216n ii |||gr||||Z||||||bed | ||
| 082 | _a891.491B | ||
| 245 | 0 |
_aAngni Nwjwr Arw Bijirthi _cNareswar Narzary _hTextual Documents |
|
| 250 | _aFirst--2010. | ||
| 260 |
_aUdaklguri: _bUpahar Publication. |
||
| 300 |
_a168pg: _c23cm. |
||
| 653 | _aBodo | ||
| 653 | _aCriticism--Poems Prose Fiction | ||
| 653 | _aG-Bodo | ||
| 700 | _aNarzary,Nareswar. | ||
| 942 |
_2ddc _cBK |
||
| 999 |
_c58083 _d58083 |
||